[Event "World Chess Olympiad 2018"]
[Site "Batumi"]
[Date "2018.09.26"]
[Round "3"]
[Board "4"]
[WhiteFideId "13707647"]
[White "Makhnev Denis"]
[BlackFideId "14300494"]
[Black "Van den Heever Donovan"]
[Result "1-0"]
[LiveChessVersion "1.4.8"]
[BlackElo "2227"]
[WhiteElo "2449"]

1. c4 {[%clk 1:30:55]} c5 {[%clk 1:27:16]} 2. Nf3 {[%clk 1:31:16]} Nc6
{[%clk 1:27:11]} 3. Nc3 {[%clk 1:31:35]} e5 {[%clk 1:25:54]} 4. e3
{[%clk 1:29:50]} Nf6 {[%clk 1:22:19]} 5. Be2 {[%clk 1:26:48]} d5 {[%clk 1:06:56]}
6. cxd5 {[%clk 1:27:11]} Nxd5 {[%clk 1:07:21]} 7. Bb5 {[%clk 1:27:37]} Nxc3
{[%clk 1:00:58]} 8. bxc3 {[%clk 1:27:45]} Bd6 {[%clk 0:59:26]} 9. e4
{[%clk 1:26:40]} O-O {[%clk 0:56:34]} 10. O-O {[%clk 1:26:38]} Bg4
{[%clk 0:51:51]} 11. h3 {[%clk 1:24:47]} Be6 {[%clk 0:51:20]} 12. Qe2
{[%clk 1:21:43]} Rc8 {[%clk 0:46:02]} 13. Rd1 {[%clk 1:14:58]} a6
{[%clk 0:41:24]} 14. Bxc6 {[%clk 1:09:54]} Rxc6 {[%clk 0:41:05]} 15. d4
{[%clk 1:10:18]} cxd4 {[%clk 0:38:08]} 16. cxd4 {[%clk 1:10:41]} Bc4
{[%clk 0:36:20]} 17. Qe1 {[%clk 1:08:36]} Qe7 {[%clk 0:33:01]} 18. Bg5
{[%clk 0:43:59]} f6 {[%clk 0:27:44]} 19. Bh4 {[%clk 0:44:22]} Bf7
{[%clk 0:24:04]} 20. a4 {[%clk 0:33:42]} Bb4 {[%clk 0:23:35]} 21. Qe2
{[%clk 0:32:49]} exd4 {[%clk 0:20:08]} 22. Nxd4 {[%clk 0:30:24]} Rc4
{[%clk 0:20:23]} 23. Rac1 {[%clk 0:26:09]} Rxc1 {[%clk 0:17:20]} 24. Rxc1
{[%clk 0:26:35]} Re8 {[%clk 0:16:51]} 25. f3 {[%clk 0:23:34]} Bc5
{[%clk 0:13:12]} 26. Bf2 {[%clk 0:19:18]} Bxd4 {[%clk 0:10:08]} 27. Bxd4
{[%clk 0:19:12]} Qb4 {[%clk 0:10:10]} 28. Qb2 {[%clk 0:19:37]} Qxa4
{[%clk 0:07:41]} 29. Rc7 {[%clk 0:19:02]} b5 {[%clk 0:05:01]} 30. e5
{[%clk 0:17:51]} Qa5 {[%clk 0:03:28]} 31. Rc1 {[%clk 0:18:10]} fxe5
{[%clk 0:03:11]} 32. Bxe5 {[%clk 0:18:34]} Qb6+ {[%clk 0:02:40]} 33. Kh2
{[%clk 0:18:39]} Qg6 {[%clk 0:02:48]} 34. f4 {[%clk 0:18:54]} Qe4
{[%clk 0:01:34]} 35. Rc7 {[%clk 0:06:20]} h5 {[%clk 0:01:14]} 36. Qc3
{[%clk 0:04:51]} h4 {[%clk 0:00:48]} 37. Ra7 {[%clk 0:02:18]} Qg6
{[%clk 0:00:49]} 38. Qf3 {[%clk 0:01:43]} Qf5 {[%clk 0:00:40]} 39. Rxa6
{[%clk 0:01:08]} Rxe5 {[%clk 0:00:45]} 40. fxe5 {[%clk 0:31:21]} Qxe5+
{[%clk 0:31:11]} 41. Kg1 {[%clk 0:31:36]} Bd5 {[%clk 0:14:28]} 42. Qf2
{[%clk 0:30:01]} Qe4 {[%clk 0:11:51]} 43. Ra1 {[%clk 0:25:44]} b4
{[%clk 0:10:46]} 44. Re1 {[%clk 0:26:04]} Qg6 {[%clk 0:11:02]} 45. Rd1
{[%clk 0:20:20]} Qh5 {[%clk 0:10:06]} 46. Qd4 {[%clk 0:18:20]} Bf7
{[%clk 0:00:57]} 47. Qd8+ {[%clk 0:18:37]} Kh7 {[%clk 0:00:45]} 48. Rd4
{[%clk 0:18:59]} Qc5 {[%clk 0:01:01]} 49. Qxh4+ {[%clk 0:19:00]} Kg8
{[%clk 0:01:22]} 50. Kh2 {[%clk 0:18:11]} Qc7+ {[%clk 0:00:45]} 51. Qf4
{[%clk 0:18:31]} Qxf4+ {[%clk 0:01:09]} 52. Rxf4 {[%clk 0:18:56]} b3
{[%clk 0:01:32]} 53. g4 {[%clk 0:15:48]} g5 {[%clk 0:01:11]} 54. Rf5
{[%clk 0:13:33]} Bc4 {[%clk 0:01:12]} 55. Rxg5+ {[%clk 0:13:52]} Kh7
{[%clk 0:01:36]} 56. Rc5 {[%clk 0:14:10]} 1-0

[Event "World Chess Olympiad 2018"]
[Site "Batumi"]
[Date "2018.09.26"]
[Round "3"]
[Board "1"]
[WhiteFideId "2900017"]
[White "Georgiev Kiril"]
[BlackFideId "3508684"]
[Black "Sanchez Alvarez Roberto Carlos"]
[Result "1-0"]
[LiveChessVersion "1.4.8"]
[BlackElo "2391"]
[WhiteElo "2590"]

1. c4 {[%clk 1:30:51]} e6 {[%clk 1:30:03]} 2. Nc3 {[%clk 1:30:49]} d5
{[%clk 1:30:19]} 3. d4 {[%clk 1:31:10]} a6 {[%clk 1:28:51]} 4. cxd5
{[%clk 1:29:30]} exd5 {[%clk 1:29:08]} 5. Bf4 {[%clk 1:29:03]} Nf6
{[%clk 1:28:26]} 6. e3 {[%clk 1:29:17]} Bd6 {[%clk 1:27:25]} 7. Bg3
{[%clk 1:29:31]} Bf5 {[%clk 1:21:55]} 8. Nf3 {[%clk 1:25:57]} Bxg3
{[%clk 1:00:59]} 9. hxg3 {[%clk 1:25:24]} c6 {[%clk 0:59:52]} 10. Bd3
{[%clk 1:16:10]} Bxd3 {[%clk 0:57:15]} 11. Qxd3 {[%clk 1:16:27]} Qe7
{[%clk 0:53:12]} 12. Qf5 {[%clk 1:10:54]} Nbd7 {[%clk 0:52:57]} 13. g4
{[%clk 1:10:48]} g6 {[%clk 0:30:39]} 14. Qf4 {[%clk 1:10:32]} h5 {[%clk 0:24:07]}
15. gxh5 {[%clk 1:04:16]} Rxh5 {[%clk 0:24:09]} 16. Rxh5 {[%clk 1:03:25]} Nxh5
{[%clk 0:24:29]} 17. Qh2 {[%clk 0:59:30]} O-O-O {[%clk 0:23:19]} 18. Nxd5
{[%clk 0:58:19]} 1-0

[Event "World Chess Olympiad 2018"]
[Site "Batumi"]
[Date "2018.09.26"]
[Round "3"]
[Board "2"]
[WhiteFideId "6600247"]
[White "Baules Jorge"]
[BlackFideId "2903024"]
[Black "Georgiev Vladimir"]
[Result "0-1"]
[LiveChessVersion "1.4.8"]
[BlackElo "2479"]
[WhiteElo "2358"]

1. d4 {[%clk 1:30:56]} Nf6 {[%clk 1:29:17]} 2. c4 {[%clk 1:31:16]} d6
{[%clk 1:29:40]} 3. Nf3 {[%clk 1:30:30]} g6 {[%clk 1:30:01]} 4. g3
{[%clk 1:30:40]} Bg7 {[%clk 1:30:20]} 5. Bg2 {[%clk 1:31:08]} O-O
{[%clk 1:30:42]} 6. O-O {[%clk 1:30:59]} Bf5 {[%clk 1:30:18]} 7. Nc3
{[%clk 1:24:37]} Ne4 {[%clk 1:29:02]} 8. Nh4 {[%clk 1:18:26]} Nxc3
{[%clk 1:28:05]} 9. bxc3 {[%clk 1:18:55]} Bc8 {[%clk 1:28:19]} 10. Rb1
{[%clk 1:16:54]} Nd7 {[%clk 1:25:37]} 11. Bxb7 {[%clk 1:02:06]} Bxb7
{[%clk 1:25:12]} 12. Rxb7 {[%clk 1:02:25]} Qc8 {[%clk 1:19:01]} 13. Rb3
{[%clk 0:59:13]} c5 {[%clk 1:13:29]} 14. Qd3 {[%clk 0:47:59]} Nb6
{[%clk 1:07:36]} 15. e4 {[%clk 0:25:35]} Qa6 {[%clk 1:02:51]} 16. Ra3
{[%clk 0:15:02]} Qxc4 {[%clk 1:02:30]} 17. Rd1 {[%clk 0:15:10]} a5
{[%clk 0:58:18]} 18. Qb1 {[%clk 0:03:34]} Qe2 {[%clk 0:53:14]} 19. Bg5
{[%clk 0:00:34]} a4 {[%clk 0:46:22]} 20. Re1 {[%clk 0:01:03]} Qa6
{[%clk 0:46:37]} 21. Bxe7 {[%clk 0:01:26]} Rfc8 {[%clk 0:44:36]} 22. c4
{[%clk 0:00:32]} Nxc4 {[%clk 0:42:09]} 23. Rd3 {[%clk 0:01:01]} Rab8
{[%clk 0:40:59]} 24. Qc1 {[%clk 0:00:57]} cxd4 {[%clk 0:41:10]} 25. Qf4
{[%clk 0:00:32]} Qa5 {[%clk 0:39:26]} 26. Rdd1 {[%clk 0:00:31]} Qe5
{[%clk 0:38:59]} 27. Bg5 {[%clk 0:00:31]} f6 {[%clk 0:37:05]} 28. Qxe5
{[%clk 0:01:00]} dxe5 {[%clk 0:37:27]} 29. Bc1 {[%clk 0:01:27]} Bf8
{[%clk 0:36:26]} 30. f4 {[%clk 0:00:31]} Nb2 {[%clk 0:35:07]} 0-1

[Event "World Chess Olympiad 2018"]
[Site "Batumi"]
[Date "2018.09.26"]
[Round "3"]
[Board "3"]
[WhiteFideId "15002187"]
[White "Pancevski Filip"]
[BlackFideId "6100538"]
[Black "Ramos Efren Andres"]
[Result "1-0"]
[LiveChessVersion "1.4.8"]
[BlackElo "2244"]
[WhiteElo "2489"]

1. c4 {[%clk 1:30:57]} c6 {[%clk 1:30:06]} 2. Nf3 {[%clk 1:31:17]} d5
{[%clk 1:30:29]} 3. g3 {[%clk 1:31:42]} Bg4 {[%clk 1:30:33]} 4. Bg2
{[%clk 1:31:53]} e6 {[%clk 1:30:45]} 5. O-O {[%clk 1:28:48]} Nd7 {[%clk 1:29:49]}
6. d3 {[%clk 1:28:55]} Ngf6 {[%clk 1:29:38]} 7. b3 {[%clk 1:26:50]} Be7
{[%clk 1:29:24]} 8. Bb2 {[%clk 1:27:15]} O-O {[%clk 1:27:50]} 9. Qc2
{[%clk 1:27:40]} h6 {[%clk 1:25:05]} 10. Nbd2 {[%clk 1:26:57]} a5
{[%clk 1:21:47]} 11. a3 {[%clk 1:27:19]} Ne8 {[%clk 1:17:30]} 12. Bc3
{[%clk 1:17:34]} Bf6 {[%clk 1:13:51]} 13. d4 {[%clk 1:00:28]} Bf5
{[%clk 1:09:54]} 14. Qb2 {[%clk 0:58:36]} Nd6 {[%clk 1:04:12]} 15. Ne5
{[%clk 0:57:12]} Be7 {[%clk 0:42:25]} 16. Rfe1 {[%clk 0:56:33]} Bh7
{[%clk 0:37:50]} 17. Rad1 {[%clk 0:55:14]} Qc7 {[%clk 0:34:16]} 18. Rc1
{[%clk 0:52:18]} Nf5 {[%clk 0:31:00]} 19. Nd3 {[%clk 0:46:36]} Qb8
{[%clk 0:27:09]} 20. cxd5 {[%clk 0:39:49]} exd5 {[%clk 0:24:52]} 21. e4
{[%clk 0:40:14]} dxe4 {[%clk 0:24:00]} 22. Nxe4 {[%clk 0:40:14]} Re8
{[%clk 0:22:34]} 23. Nec5 {[%clk 0:25:52]} Qc7 {[%clk 0:13:41]} 24. Nxd7
{[%clk 0:22:31]} Qxd7 {[%clk 0:13:54]} 25. Ne5 {[%clk 0:22:59]} Qd8
{[%clk 0:10:07]} 26. Rcd1 {[%clk 0:19:05]} Nd6 {[%clk 0:07:34]} 27. d5
{[%clk 0:09:16]} c5 {[%clk 0:07:37]} 28. Nc4 {[%clk 0:09:43]} f6 {[%clk 0:05:09]}
29. a4 {[%clk 0:06:43]} Bf5 {[%clk 0:05:16]} 30. Bd2 {[%clk 0:05:18]} Bg4
{[%clk 0:05:12]} 31. Rc1 {[%clk 0:05:35]} Bh5 {[%clk 0:02:06]} 32. Qc2
{[%clk 0:04:41]} Bf8 {[%clk 0:02:13]} 33. Bf4 {[%clk 0:01:37]} Rxe1+
{[%clk 0:01:55]} 34. Rxe1 {[%clk 0:02:06]} Bf7 {[%clk 0:02:06]} 35. h4
{[%clk 0:01:40]} b6 {[%clk 0:02:21]} 36. Bxd6 {[%clk 0:01:06]} Bxd6
{[%clk 0:02:42]} 37. Bh3 {[%clk 0:00:57]} Qc7 {[%clk 0:01:45]} 38. Qd3
{[%clk 0:00:49]} Rd8 {[%clk 0:02:03]} 39. Be6 {[%clk 0:01:06]} Be5
{[%clk 0:01:17]} 40. Qe4 {[%clk 0:30:41]} Bxe6 {[%clk 0:30:41]} 41. dxe6
{[%clk 0:31:04]} Bd4 {[%clk 0:23:33]} 42. Kg2 {[%clk 0:31:19]} f5
{[%clk 0:22:16]} 43. Qf3 {[%clk 0:27:08]} g6 {[%clk 0:17:14]} 44. h5
{[%clk 0:27:17]} Kg7 {[%clk 0:09:47]} 45. hxg6 {[%clk 0:26:54]} Rf8
{[%clk 0:09:47]} 46. Qd5 {[%clk 0:26:15]} Bf6 {[%clk 0:08:14]} 47. Nd6
{[%clk 0:25:56]} Kxg6 {[%clk 0:06:22]} 48. Qxf5+ {[%clk 0:26:18]} Kg7
{[%clk 0:06:44]} 49. Qg4+ {[%clk 0:26:40]} Kh7 {[%clk 0:07:05]} 50. Qe4+
{[%clk 0:26:50]} Kh8 {[%clk 0:05:29]} 51. e7 {[%clk 0:25:44]} 1-0

[Event "World Chess Olympiad 2018"]
[Site "Batumi"]
[Date "2018.09.26"]
[Round "3"]
[Board "4"]
[WhiteFideId "6600581"]
[White "Tapia Alexei"]
[BlackFideId "15002314"]
[Black "Nikolovski Nikola"]
[Result "0-1"]
[LiveChessVersion "1.4.8"]
[BlackElo "2388"]
[WhiteElo "2193"]

1. Nf3 {[%clk 1:30:53]} f5 {[%clk 1:30:26]} 2. b3 {[%clk 1:30:38]} Nf6
{[%clk 1:30:10]} 3. Bb2 {[%clk 1:29:54]} e6 {[%clk 1:30:13]} 4. g3
{[%clk 1:29:47]} Be7 {[%clk 1:30:22]} 5. Bg2 {[%clk 1:29:24]} O-O
{[%clk 1:30:28]} 6. c4 {[%clk 1:27:56]} d6 {[%clk 1:30:29]} 7. d4
{[%clk 1:27:28]} Qe8 {[%clk 1:23:45]} 8. Nbd2 {[%clk 1:22:12]} Nc6
{[%clk 1:15:36]} 9. O-O {[%clk 1:16:34]} Qh5 {[%clk 1:12:50]} 10. e3
{[%clk 0:59:02]} Qh6 {[%clk 0:58:47]} 11. Qe2 {[%clk 0:30:36]} g5
{[%clk 0:43:12]} 12. e4 {[%clk 0:25:40]} g4 {[%clk 0:29:09]} 13. Ne1
{[%clk 0:24:37]} f4 {[%clk 0:28:45]} 14. gxf4 {[%clk 0:23:51]} Nh5
{[%clk 0:20:40]} 15. Nd3 {[%clk 0:16:13]} Nxf4 {[%clk 0:18:36]} 16. Qxg4+
{[%clk 0:14:37]} Kh8 {[%clk 0:18:29]} 17. Nxf4 {[%clk 0:13:31]} e5
{[%clk 0:18:05]} 18. Qe2 {[%clk 0:12:50]} Qxf4 {[%clk 0:18:11]} 19. dxe5
{[%clk 0:10:59]} dxe5 {[%clk 0:18:31]} 20. Qe3 {[%clk 0:10:25]} Bg5
{[%clk 0:09:28]} 21. Qxf4 {[%clk 0:05:23]} Bxf4 {[%clk 0:09:51]} 22. Nb1
{[%clk 0:04:33]} Rf6 {[%clk 0:04:30]} 23. Bc1 {[%clk 0:03:43]} Be6
{[%clk 0:02:29]} 24. Nc3 {[%clk 0:03:30]} Rg8 {[%clk 0:02:12]} 25. Bxf4
{[%clk 0:02:06]} exf4 {[%clk 0:02:18]} 26. Nd5 {[%clk 0:01:25]} Bxd5
{[%clk 0:02:36]} 27. cxd5 {[%clk 0:01:31]} f3 {[%clk 0:02:59]} 0-1

[Event "World Chess Olympiad 2018"]
[Site "Batumi"]
[Date "2018.09.26"]
[Round "3"]
[Board "1"]
[WhiteFideId "922412"]
[White "Djukic Nikola"]
[BlackFideId "10000100"]
[Black "Ssegwanyi Arthur"]
[Result "1-0"]
[LiveChessVersion "1.4.8"]
[BlackElo "2347"]
[WhiteElo "2567"]

1. e4 {[%clk 1:30:56]} e5 {[%clk 1:30:48]} 2. Nf3 {[%clk 1:31:20]} Nc6
{[%clk 1:31:09]} 3. Bb5 {[%clk 1:31:44]} a6 {[%clk 1:31:26]} 4. Ba4
{[%clk 1:32:08]} Nf6 {[%clk 1:31:31]} 5. O-O {[%clk 1:32:30]} b5 {[%clk 1:31:38]}
6. Bb3 {[%clk 1:32:55]} Be7 {[%clk 1:32:03]} 7. Re1 {[%clk 1:32:26]} O-O
{[%clk 1:30:34]} 8. d3 {[%clk 1:32:26]} d6 {[%clk 1:29:18]} 9. c3
{[%clk 1:32:50]} Na5 {[%clk 1:22:53]} 10. Bc2 {[%clk 1:33:12]} c5
{[%clk 1:23:08]} 11. Nbd2 {[%clk 1:33:36]} Re8 {[%clk 1:22:05]} 12. d4
{[%clk 1:31:53]} Qc7 {[%clk 1:12:51]} 13. d5 {[%clk 1:26:30]} c4 {[%clk 1:10:53]}
14. Nf1 {[%clk 1:26:53]} Nb7 {[%clk 1:02:35]} 15. Ng3 {[%clk 1:15:27]} h6
{[%clk 0:53:41]} 16. h3 {[%clk 0:51:57]} Nc5 {[%clk 0:44:10]} 17. Be3
{[%clk 0:52:19]} Bd7 {[%clk 0:43:15]} 18. Qd2 {[%clk 0:52:21]} Bf8
{[%clk 0:42:58]} 19. Nh2 {[%clk 0:43:31]} Rab8 {[%clk 0:38:03]} 20. Rf1
{[%clk 0:39:28]} g5 {[%clk 0:08:03]} 21. f3 {[%clk 0:36:52]} Qd8 {[%clk 0:02:37]}
22. Ng4 {[%clk 0:35:42]} a5 {[%clk 0:01:35]} 23. b3 {[%clk 0:24:43]} Bg7
{[%clk 0:01:14]} 24. bxc4 {[%clk 0:23:38]} bxc4 {[%clk 0:01:33]} 25. Bxc5
{[%clk 0:23:53]} dxc5 {[%clk 0:01:55]} 26. Ne3 {[%clk 0:24:19]} Bb5
{[%clk 0:01:13]} 27. Bd1 {[%clk 0:21:20]} Nd7 {[%clk 0:00:52]} 28. Rb1
{[%clk 0:18:56]} Ba6 {[%clk 0:00:42]} 29. Ba4 {[%clk 0:19:14]} Qc7
{[%clk 0:00:45]} 30. Ngf5 {[%clk 0:15:37]} Rxb1 {[%clk 0:00:54]} 31. Rxb1
{[%clk 0:16:01]} Rb8 {[%clk 0:01:17]} 32. Rxb8+ {[%clk 0:15:58]} Nxb8
{[%clk 0:01:40]} 33. d6 {[%clk 0:15:32]} Qd8 {[%clk 0:00:43]} 34. Nxg7
{[%clk 0:14:48]} Kxg7 {[%clk 0:00:57]} 35. Nf5+ {[%clk 0:15:11]} Kg6
{[%clk 0:00:35]} 36. d7 {[%clk 0:15:27]} Bb7 {[%clk 0:00:43]} 37. Qd6+
{[%clk 0:15:33]} 1-0

[Event "World Chess Olympiad 2018"]
[Site "Batumi"]
[Date "2018.09.26"]
[Round "3"]
[Board "2"]
[WhiteFideId "10000127"]
[White "Kawuma Patrick"]
[BlackFideId "900885"]
[Black "Blagojevic Dragisa"]
[Result "1/2-1/2"]
[LiveChessVersion "1.4.8"]
[BlackElo "2476"]
[WhiteElo "2329"]

1. c4 {[%clk 1:30:57]} e6 {[%clk 1:30:55]} 2. Nf3 {[%clk 1:31:14]} d5
{[%clk 1:31:18]} 3. d4 {[%clk 1:31:38]} Nf6 {[%clk 1:31:37]} 4. g3
{[%clk 1:31:40]} dxc4 {[%clk 1:31:53]} 5. Bg2 {[%clk 1:32:04]} a6
{[%clk 1:31:53]} 6. O-O {[%clk 1:27:29]} Nc6 {[%clk 1:32:09]} 7. e3
{[%clk 1:26:56]} Bd7 {[%clk 1:32:02]} 8. Qe2 {[%clk 1:23:13]} b5 {[%clk 1:30:09]}
9. b3 {[%clk 1:23:35]} cxb3 {[%clk 1:28:15]} 10. axb3 {[%clk 1:23:09]} Be7
{[%clk 1:23:12]} 11. Bd2 {[%clk 1:20:24]} O-O {[%clk 1:19:08]} 12. Rc1
{[%clk 1:20:45]} Nd5 {[%clk 1:11:13]} 13. Ne1 {[%clk 0:57:20]} Ncb4
{[%clk 1:05:29]} 14. Bxb4 {[%clk 0:46:39]} Bxb4 {[%clk 1:05:51]} 15. Nd3
{[%clk 0:47:05]} Be7 {[%clk 1:04:25]} 16. Qe1 {[%clk 0:46:19]} c6
{[%clk 0:49:31]} 17. e4 {[%clk 0:39:58]} Nf6 {[%clk 0:47:03]} 18. b4
{[%clk 0:38:37]} Be8 {[%clk 0:36:16]} 19. Qc3 {[%clk 0:38:47]} Nd7
{[%clk 0:35:56]} 20. Nd2 {[%clk 0:32:03]} Nb6 {[%clk 0:35:04]} 21. Nb3
{[%clk 0:32:22]} Bf6 {[%clk 0:27:23]} 22. e5 {[%clk 0:17:30]} Be7
{[%clk 0:25:48]} 23. Nbc5 {[%clk 0:17:29]} Nd5 {[%clk 0:16:46]} 24. Bxd5
{[%clk 0:09:44]} Qxd5 {[%clk 0:16:54]} 25. Nf4 {[%clk 0:09:20]} Qd8
{[%clk 0:17:10]} 26. Nxa6 {[%clk 0:09:20]} Bg5 {[%clk 0:15:09]} 27. Qe3
{[%clk 0:08:21]} f6 {[%clk 0:12:41]} 28. Nc5 {[%clk 0:04:54]} Rxa1
{[%clk 0:12:53]} 29. Rxa1 {[%clk 0:05:23]} fxe5 {[%clk 0:10:58]} 30. dxe5
{[%clk 0:05:30]} Bxf4 {[%clk 0:10:42]} 31. gxf4 {[%clk 0:05:41]} Qd5
{[%clk 0:08:17]} 32. Ra8 {[%clk 0:03:23]} Bg6 {[%clk 0:05:39]} 33. Rxf8+
{[%clk 0:03:32]} Kxf8 {[%clk 0:06:05]} 34. Qb3 {[%clk 0:01:57]} Qxb3
{[%clk 0:03:52]} 1/2-1/2

[Event "World Chess Olympiad 2018"]
[Site "Batumi"]
[Date "2018.09.26"]
[Round "3"]
[Board "3"]
[WhiteFideId "944335"]
[White "Draskovic Luka"]
[BlackFideId "10001204"]
[Black "Okas Walter"]
[Result "1-0"]
[LiveChessVersion "1.4.8"]
[BlackElo "2258"]
[WhiteElo "2449"]

1. e4 {[%clk 1:30:52]} d6 {[%clk 1:30:51]} 2. d4 {[%clk 1:31:04]} Nf6
{[%clk 1:31:11]} 3. Nc3 {[%clk 1:31:19]} c6 {[%clk 1:31:16]} 4. Nf3
{[%clk 1:28:41]} g6 {[%clk 1:31:31]} 5. Be2 {[%clk 1:26:43]} Bg7 {[%clk 1:31:40]}
6. a4 {[%clk 1:26:21]} Qc7 {[%clk 1:29:27]} 7. O-O {[%clk 1:26:19]} O-O
{[%clk 1:29:45]} 8. a5 {[%clk 1:24:39]} Nbd7 {[%clk 1:26:01]} 9. h3
{[%clk 1:10:29]} e5 {[%clk 1:18:19]} 10. dxe5 {[%clk 1:07:58]} dxe5
{[%clk 1:15:52]} 11. Be3 {[%clk 1:06:25]} Rd8 {[%clk 1:14:25]} 12. Qc1
{[%clk 1:04:02]} Nf8 {[%clk 1:12:37]} 13. Rd1 {[%clk 0:52:06]} Rxd1+
{[%clk 1:09:49]} 14. Qxd1 {[%clk 0:50:16]} Ne6 {[%clk 1:08:31]} 15. Bc4
{[%clk 0:43:17]} Bf8 {[%clk 0:58:21]} 16. Qd3 {[%clk 0:36:27]} Bb4
{[%clk 0:46:59]} 17. Na4 {[%clk 0:31:21]} Bf8 {[%clk 0:38:39]} 18. Bxe6
{[%clk 0:20:25]} Bxe6 {[%clk 0:38:16]} 19. Nc5 {[%clk 0:20:32]} Re8
{[%clk 0:33:52]} 20. Nxe6 {[%clk 0:20:45]} Rxe6 {[%clk 0:34:09]} 21. Bxa7
{[%clk 0:20:54]} c5 {[%clk 0:33:50]} 22. Bb6 {[%clk 0:13:16]} Qc6
{[%clk 0:32:21]} 23. Ng5 {[%clk 0:09:47]} Rd6 {[%clk 0:27:42]} 24. Qc4
{[%clk 0:10:02]} Qe8 {[%clk 0:18:54]} 25. Nf3 {[%clk 0:09:01]} Nd7
{[%clk 0:15:01]} 26. Qb5 {[%clk 0:09:24]} Qc8 {[%clk 0:14:16]} 27. b3
{[%clk 0:06:59]} f6 {[%clk 0:14:02]} 28. Qe2 {[%clk 0:04:53]} Nxb6
{[%clk 0:12:09]} 29. axb6 {[%clk 0:05:19]} Qd8 {[%clk 0:11:57]} 30. Kh2
{[%clk 0:04:39]} Qxb6 {[%clk 0:10:53]} 31. Nd2 {[%clk 0:03:51]} Qc6
{[%clk 0:10:21]} 32. Nc4 {[%clk 0:02:08]} Rd8 {[%clk 0:10:32]} 33. Qf3
{[%clk 0:01:20]} Bh6 {[%clk 0:07:57]} 34. g3 {[%clk 0:01:35]} b5 {[%clk 0:07:35]}
35. Ne3 {[%clk 0:01:22]} Bxe3 {[%clk 0:06:43]} 36. Qxe3 {[%clk 0:01:50]} Qc7
{[%clk 0:04:44]} 37. Ra6 {[%clk 0:01:59]} Kg7 {[%clk 0:04:36]} 38. b4
{[%clk 0:01:45]} Rd4 {[%clk 0:03:04]} 39. c3 {[%clk 0:01:53]} Rc4
{[%clk 0:03:13]} 40. Ra5 {[%clk 0:31:12]} Qe7 {[%clk 0:31:36]} 41. Rxb5
{[%clk 0:25:03]} cxb4 {[%clk 0:31:54]} 42. cxb4 {[%clk 0:25:29]} Rd4
{[%clk 0:29:21]} 43. Qc3 {[%clk 0:21:51]} Qd6 {[%clk 0:17:52]} 44. Rb7+
{[%clk 0:20:37]} Kh6 {[%clk 0:14:46]} 45. Qe3+ {[%clk 0:20:55]} g5
{[%clk 0:14:45]} 46. b5 {[%clk 0:20:56]} Qe6 {[%clk 0:09:04]} 47. Qa3
{[%clk 0:12:18]} Qg8 {[%clk 0:05:23]} 48. Qe7 {[%clk 0:11:48]} Kg6
{[%clk 0:05:31]} 49. Rb6 {[%clk 0:09:56]} 1-0

[Event "World Chess Olympiad 2018"]
[Site "Batumi"]
[Date "2018.09.26"]
[Round "3"]
[Board "4"]
[WhiteFideId "10000569"]
[White "Nsubuga Haruna"]
[BlackFideId "921815"]
[Black "Kalezic Blazo"]
[Result "0-1"]
[LiveChessVersion "1.4.8"]
[BlackElo "2448"]
[WhiteElo "2222"]

1. e4 {[%clk 1:30:52]} e6 {[%clk 1:30:48]} 2. d4 {[%clk 1:31:17]} d5
{[%clk 1:31:05]} 3. Nd2 {[%clk 1:31:43]} a6 {[%clk 1:29:08]} 4. Ngf3
{[%clk 1:27:18]} Nf6 {[%clk 1:29:01]} 5. e5 {[%clk 1:26:18]} Nfd7
{[%clk 1:29:22]} 6. Bd3 {[%clk 1:26:36]} c5 {[%clk 1:29:38]} 7. c3
{[%clk 1:26:54]} Nc6 {[%clk 1:29:59]} 8. O-O {[%clk 1:27:05]} g5 {[%clk 1:29:15]}
9. g4 {[%clk 1:22:40]} h5 {[%clk 1:20:23]} 10. h3 {[%clk 1:22:36]} hxg4
{[%clk 1:18:41]} 11. hxg4 {[%clk 1:22:58]} b5 {[%clk 1:18:46]} 12. Kg2
{[%clk 1:20:12]} Qb6 {[%clk 1:15:18]} 13. Kg3 {[%clk 1:19:15]} Bb7
{[%clk 1:13:37]} 14. a4 {[%clk 1:14:01]} b4 {[%clk 1:00:45]} 15. Qe2
{[%clk 1:05:15]} Be7 {[%clk 1:00:34]} 16. Qe3 {[%clk 0:59:32]} O-O-O
{[%clk 0:58:05]} 17. dxc5 {[%clk 0:56:00]} Bxc5 {[%clk 0:57:48]} 18. Qe2
{[%clk 0:55:48]} Ndxe5 {[%clk 0:57:10]} 19. Nxg5 {[%clk 0:51:08]} Rdg8
{[%clk 0:46:47]} 20. f4 {[%clk 0:48:04]} Nxd3 {[%clk 0:45:27]} 21. Nxf7
{[%clk 0:45:55]} Rh7 {[%clk 0:35:48]} 22. Qxe6+ {[%clk 0:17:01]} Kb8
{[%clk 0:35:48]} 23. Qf5 {[%clk 0:05:26]} Bf2+ {[%clk 0:33:05]} 24. Kg2
{[%clk 0:03:49]} Rxf7 {[%clk 0:31:41]} 25. Qxf7 {[%clk 0:03:14]} Rxg4+
{[%clk 0:31:55]} 26. Kh1 {[%clk 0:01:51]} Rh4+ {[%clk 0:30:59]} 27. Kg2
{[%clk 0:01:49]} Nxf4+ {[%clk 0:31:08]} 28. Qxf4+ {[%clk 0:01:35]} Rxf4
{[%clk 0:31:30]} 29. Nc4 {[%clk 0:00:55]} Rg4+ {[%clk 0:27:55]} 30. Kf3
{[%clk 0:01:00]} Rxc4 {[%clk 0:23:57]} 31. Rxf2 {[%clk 0:01:22]} Ne5+
{[%clk 0:24:01]} 32. Ke2 {[%clk 0:00:55]} Re4+ {[%clk 0:24:10]} 33. Kf1
{[%clk 0:01:02]} Nd3 {[%clk 0:23:49]} 34. Rf8+ {[%clk 0:01:11]} Ka7
{[%clk 0:24:03]} 35. Bg5 {[%clk 0:01:15]} bxc3 {[%clk 0:22:41]} 36. bxc3 Qb2 0-1

[Event "World Chess Olympiad 2018"]
[Site "Batumi"]
[Date "2018.09.26"]
[Round "3"]
[Board "2"]
[WhiteFideId "3702308"]
[White "Vazquez Guillermo"]
[BlackFideId "8500258"]
[Black "Adu Oladapo"]
[Result "1-0"]
[LiveChessVersion "1.4.8"]
[BlackElo "2299"]
[WhiteElo "2468"]

1. e4 {[%clk 1:30:54]} c5 {[%clk 1:30:40]} 2. Nf3 {[%clk 1:31:07]} d6
{[%clk 1:30:27]} 3. d4 {[%clk 1:31:07]} cxd4 {[%clk 1:30:40]} 4. Qxd4
{[%clk 1:31:30]} a6 {[%clk 1:28:12]} 5. h3 {[%clk 1:31:41]} Nc6 {[%clk 1:28:12]}
6. Qe3 {[%clk 1:32:02]} g6 {[%clk 1:27:36]} 7. c4 {[%clk 1:32:11]} Bg7
{[%clk 1:25:29]} 8. Nc3 {[%clk 1:31:28]} Nf6 {[%clk 1:25:47]} 9. Be2
{[%clk 1:31:50]} O-O {[%clk 1:25:55]} 10. O-O {[%clk 1:32:07]} Nd7
{[%clk 1:21:28]} 11. Rb1 {[%clk 1:31:23]} Nc5 {[%clk 1:20:19]} 12. b4
{[%clk 1:31:18]} Nd7 {[%clk 1:17:16]} 13. Rd1 {[%clk 1:28:50]} Re8
{[%clk 1:15:52]} 14. a3 {[%clk 1:19:46]} b6 {[%clk 1:13:44]} 15. Bb2
{[%clk 1:14:55]} Bb7 {[%clk 1:13:27]} 16. Nd5 {[%clk 1:14:36]} e5
{[%clk 1:03:07]} 17. Rd2 {[%clk 1:03:19]} a5 {[%clk 0:51:22]} 18. Rbd1
{[%clk 1:01:14]} Bf8 {[%clk 0:46:52]} 19. Nc3 axb4 {[%clk 0:39:19]} 20. Nb5
{[%clk 0:47:54]} bxa3 {[%clk 0:38:04]} 21. Bxa3 {[%clk 0:46:39]} Rxa3
{[%clk 0:05:18]} 22. Nxa3 {[%clk 0:47:01]} Nd4 {[%clk 0:04:30]} 23. Nxd4
{[%clk 0:42:51]} exd4 {[%clk 0:04:56]} 24. Rxd4 {[%clk 0:43:10]} Nc5
{[%clk 0:04:42]} 25. Bf3 {[%clk 0:41:01]} Bc6 {[%clk 0:01:10]} 26. e5
{[%clk 0:34:21]} Bxf3 {[%clk 0:01:26]} 27. Qxf3 {[%clk 0:34:48]} Rxe5
{[%clk 0:01:26]} 28. Nb5 {[%clk 0:35:11]} Qe7 {[%clk 0:00:41]} 29. Nxd6
{[%clk 0:30:37]} Ne6 {[%clk 0:00:48]} 30. Rd5 {[%clk 0:28:24]} Ng5
{[%clk 0:01:08]} 31. Qg3 {[%clk 0:26:06]} Re1+ {[%clk 0:01:31]} 32. Rxe1
{[%clk 0:23:17]} Qxe1+ {[%clk 0:01:58]} 33. Kh2 {[%clk 0:23:42]} h6
{[%clk 0:00:43]} 34. h4 {[%clk 0:21:09]} Ne4 {[%clk 0:00:51]} 35. Qe5
{[%clk 0:20:15]} 1-0